| 000 | 00954cab a2200229 4500 | ||
|---|---|---|---|
| 001 | Z4445 | ||
| 008 | 090401t1993 xxu||||| |||| 00| 0 eng d | ||
| 035 | _a(Sirsi) u58383 | ||
| 041 | _aeng | ||
| 245 | _aQuigly v Chief Land Registrar | ||
| 260 | _c1993 | ||
| 350 | _a0 | ||
| 490 |
_aAll England Law Reports _v(1993) 4 AELR 82-85(4) |
||
| 520 | _aCA 16 June 1993. Centred on the application by the appellant under Land Registration Act 1925 s112(2)(b) and Land Registration Rules 1925 r9(2) to inspect the index of proprietors` names on the land register to discover the property holdings of companies in which he had no interest. C refused permission, Q`s application to the courts was dismissed. Q applied to CA, appeal dismissed. | ||
| 650 | _aLAND REGISTER | ||
| 650 | _aLAND REGISTRATION ACT 1925 | ||
| 650 | _aLAND REGISTRATION RULES 1925 | ||
| 650 | _aHM LAND REGISTRY | ||
| 690 | _aLAND-CASE LAW | ||
| 942 | _n0 | ||
| 948 | _c04/03/1997 | ||
| 999 |
_c35635 _d35635 |
||